000 00850nam a2200277Ia 4500
003 OSt
005 20220918111905.0
006 a|||||r|||| 00| 0
007 ta
008 220915b |||||||| |||| 00| 0 eng d
024 _a27218
037 _cTextbook
040 _beng
_aARTS
_cARTS
041 _aeng
082 _aO111,1L70x, K8 (EO)
100 _aWordsworth William
245 0 _aLyrical ballads 1805 ed by Derek Roper ed. by P H Butter
260 _aLondon
_bCollins
300 _a432p.
_ccm.
490 _aCollins annotated student texts , ed by mark Roberts and Dered Roper
500 _aBib 420-25p
650 _aENGLISH LITERATURE
700 _a Coleridge Samuel Taylor
_95232
942 _hO111,1L70x, K8 (EO)
_cTB
_2CC
999 _c117027
_d117027